000 00267nam a2200121Ia 4500
008 190216s9999||||xx |||||||||||||| ||und||
100 _aAhlawat
245 0 _aInternational Finance
260 _bKalyani Pub
_c2001
300 _a237p
650 _aCommerce
942 _cBK
999 _c7311
_d7311